Cyclist Nationalities - Statistics

General Stats
  • This quiz has been taken 57 times
    16 since last reset
  • The average score is 17 of 24
Answer Stats
Hint Answer % Correct
Ben O'Connor Australia
87%
Jonas Vingegaard Denmark
87%
Ben Healy Ireland
87%
Tadej Pogacar Slovenia
87%
Mark Cavendish United Kingdom
87%
Remco Evenepoel Belgium
80%
Egan Bernal Colombia
80%
Julian Alaphilippe France
80%
Matheiu van der Poel Netherlands
80%
Filippo Ganna Italy
73%
Isaac Del Toro Romero Mexico
73%
Joao Almeida Portugal
73%
Alexander Vlasov Russia
73%
Peter Sagan Slovakia
73%
Alberto Contador Spain
73%
Lance Armstrong United States
73%
Felix Gall Austria
67%
Mike Woods Canada
67%
Richard Carapaz Ecuador
67%
Binam Girmay Eritrea
60%
Jan Ulrich Germany
60%
Marc Hirschi Switzerland
60%
Finn Fisher-Black New Zealand
53%
Daryl Impey South Africa
40%
No matching quizzes found
Score Distribution
Percent of People with Each Score
Percentile by Number Answered
Your Score History
You have not taken this quiz since the last reset